000 01532nam a2200409 a 4500
001 000115096
003 CHAP
005 20220329144515.0
008 181003s2018 mx a sm |||||||spa d
010 _a111557
011 _a112529
040 _cCHAP
090 _aTesis
100 1 _aBetanzos Ortiz, Rocio.
_9135918
245 1 0 _aCalidad microbiológica de hortalizas orgánicas comercializadas en el tianguis orgánico Chapingo /
_h[En línea]
_cpor Rocio Betanzos Ortíz.
260 _aChapingo, Méx. :
_bEl autor,
_c2018.
500 _aPara ver el contenido del material haga clic en la liga
502 _aTesis (Ing. Agr. Esp. en Fitotecnia) -- AUCH. Departamento de Fitotecnia
590 _aBATCH-UPD
_b10
_c20190604
_lUCH01
_h1150
590 _aE11695DGD
_b10
_c20190604
_lUCH01
_h1149
590 _aE8697GMM
_b05
_c20181003
_lUCH01
_h1228
590 _aE8697GMM
_b05
_c20181003
_lUCH01
_h1230
590 _aE8697GMM
_b05
_c20181004
_lUCH01
_h0911
590 _aE8697GMM
_b05
_c20181130
_lUCH01
_h1315
590 _aE8697GMM
_b05
_c20190516
_lUCH01
_h1449
650 1 4 _aAgricultura orgánica
_zMéxico.
_9131206
650 1 4 _aAlimentos
_xNormas de calidad.
_94256
650 1 4 _aBacterias
_xIdentificación.
_99320
650 1 4 _aHortalizas
_xCalidad.
_9130374
650 1 4 _aHorticultura
_xMéxico (Edo.)
_956359
650 1 4 _aInocuidad alimentaria.
_958836
650 1 4 _aSalud pública.
_9101813
856 _aFinding aid
_uhttp://10.13.5.2/tesis/sist115096.pdf
_zTeclea aquí
901 _aBK
942 _cTESIS
942 _n0
999 _c111557
_d111557